| 000 | 01396cam a2200373 a 4500 | ||
|---|---|---|---|
| 003 | CHAP | ||
| 005 | 20220329142208.0 | ||
| 008 | 000207d1992 mx r 00010 spa d | ||
| 010 | _a79786 | ||
| 011 | _a80758 | ||
| 020 | _a9683624030 | ||
| 035 | _a91212 | ||
| 040 | _cCHAP | ||
| 082 | 0 | 4 |
_a595.78 _bB4 |
| 100 | 0 | 0 |
_aBeutelspacher Baigts, Carlos Rommel. _912105 |
| 245 | 1 | 0 |
_aCatálogo de la colección Roberto Müller (Lepidoptera:Heterocera) del Museo de Historia Natural de la ciudad de México _c/por Carlos R. Beutelspaacher B. |
| 260 |
_aMéxico, D. F. : _bUniversdidad Nacional Autónoma de México. Instituto de Biología, _c1992. |
||
| 300 | _a465 p. | ||
| 410 |
_aUNAM. _bInstituto de Biología |
||
| 490 | 0 |
_aCuadernos del Instituto de Biología _v; 15 |
|
| 590 |
_aBATCH-UPD _b10 _c20130110 _lUCH01 _h1335 |
||
| 590 |
_aBATCH-UPD _b10 _c20130410 _lUCH01 _h0838 |
||
| 590 |
_aBATCH-UPD _b10 _c20130914 _lUCH01 _h0612 |
||
| 590 |
_aCONVERSION _b10 _c20130109 _lUCH01 _h1344 |
||
| 650 | 1 | 4 |
_aHeterocéridos. _955060 |
| 650 | 1 | 4 |
_aInsectos _xCatálogos y colecciones. _958902 |
| 650 | 1 | 4 |
_aLepidópteros. _966252 |
| 810 |
_aUNAM. _bInstituto de Biología _9116093 |
||
| 830 | 0 |
_aCuadernos del Instituto de Biología _v; 15 _929841 |
|
| 901 | _aBK | ||
| 905 | _aLilia Sánchez G. | ||
| 942 | _cLIBRO | ||
| 949 |
_a595.78 B4 _bBC _cC _d33724000752754 _eC _gI.201598 _h97215 _i91212 _sb _t$190.00 |
||
| 999 |
_c79786 _d79786 |
||